A bibliography of corrosion by chlorine.
Guardado en:
| Autor Corporativo: | |
|---|---|
| Formato: | Libro |
| Idioma: | English |
| Publicado: |
Houston, Tex. :
National Association of Corrosion Engineers (NACE),
c1976.
|
| Series: | TPC publication ;
4. |
| Materias: | |
| Etiquetas: |
Agregar Etiqueta
Sin Etiquetas, Sea el primero en etiquetar este registro!
|
| LEADER | 00942cam a22002535a 4500 | ||
|---|---|---|---|
| 001 | EIQ.libpla001110 | ||
| 008 | 770816s1976####txu######b####001#0#eng#d | ||
| 005 | 20060728101834.0 | ||
| 245 | 1 | 2 | |a A bibliography of corrosion by chlorine. |
| 260 | |a Houston, Tex. : |b National Association of Corrosion Engineers (NACE), |c c1976. | ||
| 300 | |a 30 p. ; |c 29 cm. | ||
| 490 | 1 | |a TPC publication ; no. 4 | |
| 500 | |a "Supersede[s] NACE publication 5A156, published in 1956 as publication 56-2." | ||
| 500 | |a Incluye índice. | ||
| 830 | 0 | |a TPC publication ; |v 4. | |
| 082 | 0 | 0 | |a 016.6201/1223 |
| 650 | 4 | |a Corrosión y anticorrosivos |x Bibliografía. | |
| 650 | 4 | |a Cloro |x Bibliografía. | |
| 650 | 0 | |a Corrosion and anti-corrosives |x Bibliography. | |
| 650 | 0 | |a Chlorine |x Bibliography. | |
| 010 | |a 77363757 | ||
| 040 | |a DLC |c DLC |d AR-BbSID | ||
| 110 | 2 | |a National Association of Corrosion Engineers. | |
| 859 | |a AR-BbSID |b BIB. PLAPIQUI |h 620.112 2 |i N 112 |p 2425 | ||
